| 000 | 00738 a2200205 4500 | ||
|---|---|---|---|
| 010 | _aENG-89377 | ||
| 020 |
_a8131303337 _c695.00 |
||
| 035 | _aEN-72910 | ||
| 037 | _bDBAD / PUB | ||
| 082 | 1 | 4 | _a363.7392 |
| 090 |
_c10823 _d10823 |
||
| 100 | 1 | _aSrivastava, A.K. | |
| 245 | 1 |
_aAir pollution: _b(biopollutants in air)/ _cby A.K. Srivastava |
|
| 260 |
_aNew Delhi _bAPH Publishing Corporation _c2008 |
||
| 270 |
_a4435-36/7, Ansari Road, Darya Ganj, _bNew Delhi _cDelhi _e110002 _k23274050 _maphbook@vsnl.net |
||
| 300 |
_axiii, 302p.: _bill.,maps _c22 cm ( Hb.) |
||
| 500 | _aIncludes Index | ||
| 942 |
_adpl _cEN _k363.7392 / SRI |
||
| 999 |
_c10523 _d10523 |
||